|
|
|
|
| LEADER |
00000cam a2200000 a 4500 |
| 001 |
vtls001360503 |
| 003 |
SK-MaSNL |
| 005 |
20260301160852.0 |
| 008 |
240801s1999 xo gr 000 f slo |
| 015 |
|
|
|a SNBA1999/08-02757
|
| 020 |
|
|
|a 8071186880
|
| 035 |
|
|
|a SNK000314059
|
| 035 |
|
|
|a urn:nbn:sk:snk-amkj9p
|
| 035 |
|
|
|a urn:nbn:sk:snk-am008hu8
|
| 035 |
|
|
|a F689B0E2-4685-4B0B-9B8D-E2A1206B698D
|
| 040 |
|
|
|a SNK
|b slo
|c SNK
|e AACR2
|
| 041 |
1 |
|
|a slo
|h eng
|
| 044 |
|
|
|a xo
|c SK
|
| 072 |
|
7 |
|a 821.111(73)-3
|x Americká próza
|2 konspekt
|
| 080 |
|
|
|a 820 (73)-3
|2 1981
|
| 080 |
|
|
|a 821.111(73)-31
|2 2011
|
| 080 |
|
|
|a (0:82-311.3)
|2 2011
|
| 080 |
|
|
|a (0:82-312.5)
|2 2011
|
| 100 |
1 |
|
|a Small, Bertrice,
|d 1937-2015
|4 aut
|9 203202
|
| 240 |
1 |
0 |
|a All the sweet tomorrows
|l Slovensky
|
| 245 |
1 |
0 |
|a Sladké zajtrajšky
|c Bertrice Smallová
|
| 260 |
|
|
|a Bratislava
|b Ikar
|c 1999
|
| 300 |
|
|
|a 494 strán
|c 21 cm
|
| 500 |
|
|
|a Preložila Viera Detková
|
| 500 |
|
|
|a Preložené z angličtiny
|
| 500 |
|
|
|a Obsahuje biografické údaje o autorke
|
| 655 |
|
7 |
|a americké romány
|2 SNKPH
|9 1174
|
| 655 |
|
7 |
|a dobrodružné romány
|2 SNKPH
|9 70486
|
| 655 |
|
7 |
|a ľúbostné romány
|2 SNKPH
|9 70497
|
| 700 |
1 |
|
|a Detková, Viera
|4 trl
|9 10947
|
| 852 |
|
|
|a Slovenská národná knižnica
|
| 919 |
|
|
|a 80-7118-688-0
|
| 954 |
|
|
|a beletria cudzojazyčná (svetová)
|2 lita
|
| 958 |
|
|
|a UP
|
| 958 |
|
|
|a LX
|
| 968 |
|
|
|b ENG
|
| 999 |
|
|
|c 807232
|d 809162
|
| 952 |
|
|
|t P60, <05>, [BOOK], {605}
|a SNK
|b SNK
|y PREZ
|7 0
|p 17A0191163
|o snkSC 98415 D1
|i snkKSP 4344/99
|0 0
|1 0
|4 0
|d 1999-04-21
|l 0
|r 2005-01-02 00:00:00
|w 2026-02-24
|
| 952 |
|
|
|t P60, <03>, [BOOK], {603}
|a SNK
|b SNK
|y PREZ
|7 0
|p 17A0191162
|o snkSC 98415
|i snkKSP 4343/99
|0 0
|1 0
|4 0
|d 1999-04-21
|f 1
|l 0
|r 2025-09-18 00:00:00
|w 2026-02-24
|